| 000 | 00745nam a22002297a 4500 | ||
|---|---|---|---|
| 005 | 20100814122439.0 | ||
| 010 | _aENG-99908 | ||
| 020 |
_c350.00 _a9788120339477 |
||
| 035 | _aEN-83440 | ||
| 037 | _bDBAD/PUB | ||
| 082 | _a657.48 | ||
| 100 |
_aBanerjee, B.K. _913275 |
||
| 245 |
_aAccountancy : _cby B.K. Banerjee _bfor class XII / |
||
| 260 |
_aNew Delhi _bPHI Learning _c2010 |
||
| 270 |
_aM-97, Connaught Circus _bNew Delhi _e110001 |
||
| 300 |
_a826p. _c24cm (pbk) |
||
| 650 |
_aAccountancy _913276 |
||
| 700 | _913083 | ||
| 700 | _913084 | ||
| 942 |
_2ddc _cEN _h657.48 _mBAN |
||
| 999 |
_c41869 _d41869 |
||